Central Library OPAC University of Rajshahi

اوراق گم گشتہ ;; Awraq i gam ghastah / (Record no. 83332)

MARC details
000 -LEADER
fixed length control field 00655nam a22002057a 4500
001 - CONTROL NUMBER
control field 83332
003 - CONTROL NUMBER IDENTIFIER
rucl marc code BD-RjUL
005 - DATE AND TIME OF LATEST TRANSACTION
control field 20240313095534.0
008 - FIXED-LENGTH DATA ELEMENTS--GENERAL INFORMATION
fixed length control field 240313s1968 p ||||| |||| 00| 0 urd d
035 ## - SYSTEM CONTROL NUMBER
System control number (BD-RjUL) 83332
040 ## - CATALOGING SOURCE
Original cataloging agency BD-RjUL
Language of cataloging eng
Transcribing agency BD-RjUL
041 ## - LANGUAGE CODE
Language code of text/sound track or separate title urd
082 ## - DEWEY DECIMAL CLASSIFICATION NUMBER
Edition number 23
Classification number 891.439092
Author mark and year NAA 1968
100 ## - MAIN ENTRY--PERSONAL NAME
Personal name رئیس احمد جعفری
9 (RLIN) 12265
245 ## - TITLE STATEMENT
Title اوراق گم گشتہ ;; Awraq i gam ghastah /
Statement of responsibility, etc. رئیس احمد جعفری ;; Rais Ahmad Jafri
260 ## - PUBLICATION, DISTRIBUTION, ETC. (IMPRINT)
Place of publication, distribution, etc. Lahore :
Name of publisher, distributor, etc. Muhammad Ali Akademi,
Date of publication, distribution, etc. 1968
600 ## - SUBJECT ADDED ENTRY--PERSONAL NAME
Personal name Iqbal, Muhammad, Sir,
Dates associated with a name 1877-1938
General subdivision Biographies
650 ## - SUBJECT ADDED ENTRY--TOPICAL TERM
Topical term or geographic name as entry element Biographies
942 ## - ADDED ENTRY ELEMENTS (KOHA)
Source of classification or shelving scheme Dewey Decimal Classification
Koha item type Books
Holdings
Lost status Source of classification or shelving scheme Damaged status Not for loan Collection code Permanent Location Current Location Shelving location Date acquired Source of acquisition Cost, normal purchase price Full call number Date last seen Copy number Koha item type
  Dewey Decimal Classification   Not For Loan Non-fiction Central Library, University of Rajshahi Central Library, University of Rajshahi Reading Room 16/09/1969 Book Centre; Karachi 30.00 U 891.439092 NAA 1968 13/03/2024 C-1 Books